000 01832cam a2200169 4500500
005 20260111092652.0
041 _afre
042 _adc
100 1 0 _aWargnies, Philippe
_eauthor
245 0 0 _aKlauck H.-J., L’environnement religieux gréco-romain du christianisme primitif, trad. J. Hoffmann, coll. Initiations au christianisme ancien, Paris, Cerf, 2012, 16x23, 558 p., 44 €. ISBN 978-2-204-09024-7
260 _c2015.
500 _a72
520 _aLe concept du désir, considéré du point de vue métaphysique et dans la perspective du salut, est chez Catherine de Sienne le fondement d’une véritable pédagogie spirituelle. Dans le désir, point de rencontre privilégié entre la créature et son Dieu, la sainte découvre Dieu à la fois présent en elle et pourtant au-delà d’elle-même. Cet article entend montrer que le désir infini qui habite l’homme est dans la doctrine catherinienne une réponse au désir infini du Dieu-Trinité, manifesté par le Christ dans sa Passion.
520 _aTo Desire Infinitely. The Mysticism of Catherine of SiennaConsidered from a metaphysical point of view and in the perspective of salvation, the concept of desire in Catherine of Sienna is the basis of a real spiritual pedagogy. Within desire, the privileged meeting place between the creature and her God, the saint discovers God at once present within her and nevertheless beyond her. This article tries to show that the infinite desire which dwells within human beings is (in Catherine’s teaching) a response to the infinite desire of the Trinitarian God, manifested by Christ in his passion.
786 0 _nNouvelle revue théologique | 137 | 3 | 2015-05-26 | p. 486j-492j | 0029-4845
856 4 1 _uhttps://shs.cairn.info/revue-nouvelle-revue-theologique-2015-3-page-486j?lang=fr&redirect-ssocas=7080
999 _c1624116
_d1624116